000 00700nam a2200289Ia 4500
005 20260324121605.0
008 008 260324s9999 xx 000 0 eng d
020 _a9781315754871
037 _aEBOOK
040 _aCRL
040 _beng
040 _cCRL
041 _2eng
041 _aeng
084 _qCRL
100 _aJahangir Amuzegar; Robert Looney
_91163102
245 4 _aThe Islamic Republic of Iran
245 0 _bReflections on an Emerging Economy
260 _bTaylor and Francis
260 _c2014
365 _a
365 _b205
856 _uhttp://www.taylorfrancis.com/books/9781315754871
942 _cEBOOK
999 _c1755315
_d1755315